<The> Impact of Export and Foreign Direct Investments on Macedonian GDP Growth - Empirical Analysis

Vývoj macedónskej ekonomiky vo všeobecnosti. Vývoj rastu HDP, komponenty a hlavné faktory, ktoré ovplyvňujú jeho rast, techniky a prístupy hodnotenia ekonomického systému. Analýza úlohy exportu a priamych zahraničných investícií v raste HDP.

Na minha lista:
Detalhes bibliográficos
Autor principal: Shaqiri, Jeton
Formato: Capítulo de Livro
Idioma:inglês
Assuntos:
Tags: Adicionar Tag
Sem tags, seja o primeiro a adicionar uma tag!

MARC

LEADER 00000nla a2200000 4500
001 0242155
005 20240416112615.7
041 0 |a eng 
044 |a PT 
245 1 0 |a <The> Impact of Export and Foreign Direct Investments on Macedonian GDP Growth - Empirical Analysis  |c Jeton Shaqiri 
520 |a Vývoj macedónskej ekonomiky vo všeobecnosti. Vývoj rastu HDP, komponenty a hlavné faktory, ktoré ovplyvňujú jeho rast, techniky a prístupy hodnotenia ekonomického systému. Analýza úlohy exportu a priamych zahraničných investícií v raste HDP. 
610 2 0 |a vývoz 
610 2 0 |a investície 
610 2 0 |a produkt národný hrubý 
610 2 0 |a vývoj hospodársky 
610 2 0 |a politika obchodná 
610 2 0 |a Macedónsko 
610 2 0 |a analýza empirická 
100 1 |a Shaqiri, Jeton